00500nam a2200193 a 4500001001300000003000900013005001700022008004100039020001000080082001800090100001600108245004000124260004100164300001000205500003500215505001000250650003000260700001600290nice12345678IN_TiNIC20260116011323.0050524s1884 lona grd 000 0 eng  ac10000a492.7321bSTE aSteingas, F aStudent`s Arabic-English Dictionary aLondonbCrosby Lockwood & Sonsc1884 a1242p aincludes index and biblioraphy2 aIndex aDictionary-Arabic English1 aSteingas, F